000 00965nam a22003137a 4500
003 CHAP
005 20220817042457.0
008 971013s1984 r 00010 d
010 _a45845
011 _a46817
035 _a50958
040 _cCHAP
082 _a378
_bU7 1984
110 _aUNESCO
245 _aEstudios superiores
_b: exposición comparativa de los sistemas de enseñanza de los títulos y diplomas
250 _a2 ed.
260 _aBarcelona :
_bServal,
_c1984
300 _a728 p.
490 _aLibros del tiempo
_v; 20
590 _aBATCH-UPD
_b10
_c20130110
_lUCH01
_h1927
590 _aBATCH-UPD
_b10
_c20130410
_lUCH01
_h1252
590 _aBATCH-UPD
_b10
_c20130914
_lUCH01
_h1245
590 _aCONVERSION
_b10
_c20130109
_lUCH01
_h1325
650 1 4 _aEducación superior.
830 0 _aLibros del tiempo
_v; 20
_966685
901 _aBK
942 _cLIBRO
949 _a378 U7 1984
_bBC
_cC
_d33724000122990
_eC
_gI.126483
_h67246
_i50958
_mDir
_si
999 _c45845
_d45845